MDQL
is popping MORE tags! Check the
thread
!
Quizzes
Events
Quiz Creation
Community
Videos
Private Events
Remove Ads
Sign In
Join for FREE
Feedback
Dark Mode
Quiz Categories
Sports
Geography
Music
Movies
Television
Just For Fun
Miscellaneous
History
Literature
Language
Science
Gaming
Entertainment
Religion
Holiday
For Kids
Quiz Lab
Recent
Popular Today
Quiz Kudos Today
Editor Picks
Curator Picks
Quizzes by...
Day
Popularity
Type
Ratings
Length
Year
Community
Subscriptions
Recent Discussions
Orange Saloon
Badges
Playlists
Quests
Create
Leaderboards
Showdown
Live 5
Trivia Bingo
Activity
Puzzle Library
Sporcle Events
Private Events
Virtual Trivia
Globe League
Become a Host
Pub Owners
SporcleCon
Opinionation
Our Games
Videos
Blog
Mobile Apps
Partnerships
Remove Ads and Go Orange
Feedback
Movies
Disney
Marvel Cinematic Universe
Movie Resume
Movie Titles
Oscar
Actor
Actress
Director
Pixar
Role
Movie Quotes
Movie Characters
Box Office
Nominee
Best Picture
Star Wars
James Bond
Horror Movies
Movies
Disney
Marvel Cinematic Universe
Movie Resume
Movie Titles
Oscar
Actor
Actress
Director
Pixar
Role
Movie Quotes
Movie Characters
Box Office
Nominee
Best Picture
Star Wars
James Bond
Horror Movies
Random Quiz
Search Sporcle
×
Quiz Lab
Quiz Lab
Movies
Oscar
Type in answers that appear in a list
Type in answers that appear in a list
Classic
Best Score? Go Orange.
'I'- Less Best Pictures Stats
Can you name the 'I'- Less Best Picture Winners?
By
nerdygirl16
6m
36 Questions
50 Plays
50 Plays
50 Plays
Comments
Comments
Give Quiz Kudos
Give Quiz Kudos
-
- Ratings
hide this ad
Replay
Link that replays current quiz
Next Quiz
Link to next quiz in quiz playlist
You Got
0%
They Got
Avg Score
79%
Avg Friend Score
Upgrade to see
Score Distribution
Jump to the score distribution portion of the page
Score
0/36
Timer
06:00
0
Plays Today
% Correct
Crash
96%
Argo
94%
Casablanca
92%
Platoon
92%
Rocky
90%
Ben-Hur
88%
The Godfather
88%
The Godfather Part II
88%
Patton
84%
The Deer Hunter
84%
The Departed
84%
Kramer vs. Kramer
82%
Terms of Endearment
82%
Amadeus
82%
Braveheart
82%
No Country for Old Men
82%
12 Years a Slave
82%
One Flew Over the Cuckoo's Nest
80%
% Correct
Forrest Gump
80%
Rebecca
78%
How Green Was My Valley
78%
Hamlet
78%
Marty
78%
Cavalcade
76%
Tom Jones
76%
The Last Emperor
76%
The Hurt Locker
76%
All About Eve
74%
The Apartment
72%
On the Waterfront
68%
The Broadway Melody
66%
The Greatest Show on Earth
66%
Grand Hotel
64%
Gentleman's Agreement
64%
A Man for All Seasons
64%
The Lost Weekend
58%
Quiz Playlist
Details
Report
Send in Message
Add To Playlist
Classic:
Type in answers that appear in a list
Last Updated: Feb 16, 2017
Quiz Scoreboard
CHALLENGE
Sign Up to Join the Scoreboard
Show All
Scores
Hide
Comments
May contain spoilers
Recently Published
Find the 'City' Movie
by crazypaving
Movies
60s
5x2 Blitz: Bands
by SL_Kpop136
Music
30s
Colored Red Africa Blitz
by spor1
Geography
30s
More to Explore
Quiz From the Vault
Featured Blog Post
14 Easter Pick-up Lines to Find Eggs With
hide this ad
You Might Also Like...
Tags
Oscar Quiz
Oscars 1927-1969
Oscars 1970-2008
Oscar Winners
Today's Top Quizzes in Movies
Browse Movies
hide this ad
Today's Top Quizzes in Oscar
Browse Oscar
Top Contributed Quizzes in Movies
1
Find The 'Big' Movie
2
Find The 'Blue' Movie
3
Find The 'Wild' Movie
4
Hidden Star Wars Character II
5
Pick 5 Posters: Directed by Spielberg
6
Hidden Star Wars Character III
7
Hidden Star Wars Character IV
8
Movies By Plot
9
Alfred Hitchcock Movies by Plot
10
Hidden Star Wars Character V
Explore More
Trending Topics
Anime
Marvel
Kpop
Crossword
Harry Potter
NBA
Disney
The Office
NFL
Soccer
Pokémon
Country
WWE
Puzzle
Song
hide this ad
More By:
nerdygirl16
Quiz
Plays
Rating
Category
Featured
Created
Which Came First: Movie or Musical?
14,939
4.48
Entertainment
Oct 26, 2015
Clickable ABC's
73
4.00
Just For Fun
Nov 25, 2015
'E'-Less Best Pictures
63
3.80
Movies
Jun 18, 2016
'I'- Less Best Pictures
50
4.67
Movies
Jun 18, 2016
EU Countries
44
Geography
Jun 18, 2016
Go to Creator's Profile
Score Distribution
Quiz Creator Spotlight
nerdygirl16
Follow
Send a Message
Quizzes Created
-
Created Quiz Play Count
-
More By This Creator
Popular Quizzes Today
1
5x2 Blitz: Bands
2
Find the 'City' Movie
3
Colored Red Africa Blitz
4
Find the US States - No Outlines Minefield
5
The Countries of the World
6
Find the US States
7
9x9 Crossword: Cartoon Network
8
US States
More Movies Quizzes
Movie by Clue(do) Room - Conservatory
Curator's Pick
Trending Quizzes
Colored Red Africa Blitz II
Colored Red Europe Blitz I
Christmas Pick: Judaism
Colored Red Africa Blitz III
Colored Red Europe Blitz II
Recently Updated
Champions League XIs: Real Madrid
pecheneg
Largest US Cities 1790-2010
pecheneg
Rides in Walt Disney World
pecheneg
Most Oscar Losses (Acting)
pecheneg
Beyoncé Albums
pecheneg
Leaping Animals
pecheneg
Reality TV Shows (A-Z)
bhenderson79
Rickey Henderson's Hall of Fame Teammates
pecheneg
Champions League XIs: Arsenal
pecheneg
Quick Pick: Celebrities in WWE's Hall of Fame
aduchscher
Trending Topics
Anime
Crossword
Marvel
Kpop
Disney
NBA
Harry Potter
Song
Pokémon
Soccer
Puzzle
Country
The Office
NFL
WWE
Your Account Isn't Verified!
In order to create a playlist on Sporcle, you need to verify the email address you used during registration. Go to your
Sporcle Settings
to finish the process.
Report this User
Report this user for behavior that violates our
Community Guidelines
.
Details:
Send Report
Go to the Sporcle.com Mobile Site →
Comments